000 00424nam a2200145Ia 4500
008 211109s9999||||xx |||||||||||||| ||und||
082 _a954
_bKUR-S
100 _aKurup, K K N
245 0 _aSamooham Charithram Samskaram
260 _bPoorna Publications
_aCalicut
_c1900
300 _a112p
630 _xGENERAL STACK
650 _aSouth Asia; India
_vHistory of Asia; Far East
_xHistory & geographyMalayalam
942 _cBOOK
999 _c45803
_d45803